| 000 | 00691cab a2200229 4500 | ||
|---|---|---|---|
| 001 | ABS45436 | ||
| 008 | 090401t1991 xxu||||| |||| 00| 0 eng d | ||
| 035 | _a(Sirsi) u52939 | ||
| 041 | _aeng | ||
| 100 | _aDavies, P. | ||
| 245 | _aImprovements in historic areas | ||
| 260 | _c1991 | ||
| 350 | _a0 | ||
| 490 |
_aChartered Builder _v(15) October 1991, 15-16(2) |
||
| 520 | _aSuggests that planning authorities have a duty to promote improvement schemes which enhance the character of conservation areas. Gives examples. | ||
| 650 | _aCONSERVATION AREAS | ||
| 650 | _aDOE CIRCULAR 8/87 | ||
| 650 | _aHISTORIC AREAS | ||
| 690 | _aCONSERVATION | ||
| 942 | _n0 | ||
| 948 | _c04/03/1997 | ||
| 999 |
_c32666 _d32666 |
||